000
00305nam a22001337a 4500
008
260317b |||||||| |||| 00| 0 eng d
020
_a
9788189747299
040
_a
02
100
_a
SULTANA,YASMIN
245
_a
PHARMACEUTICAL ENGINEERING
260
_a
DELHI
_b
BIRLA
_c
2024
300
_a
147
942
_c
01
999
_c
67286
_d
67286